000
00249nam a22001217a 4500
008
180206b xxu||||| |||| 00| 0 eng d
041
_a
eng
080
_a
577
100
_a
9
101
_a
bio
245
_a
biochemistry
_c
john.r.m
942
_2
udc
_c
BK
999
_c
41925
_d
41925